[Event "FRA T I 120102011"]
[Site "FRA"]
[Date "2010.10.17"]
[Round "1.2"]
[White "Delaunay, Sebastien"]
[Black "Pham Minh Hoang"]
[Result "1-0"]
[WhiteElo "2358"]
[BlackElo "2473"]
[PlyCount "39"]
[EventDate "2010.10.17"]
[EventType "team-match"]
[EventRounds "9"]
[EventCountry "FRA"]
[Source "FFE"]
[SourceDate "2010.10.29"]
[WhiteTeam "Nantes"]
[BlackTeam "Sautron"]
[WhiteTeamCountry "FRA"]
[BlackTeamCountry "FRA"]

1. d4 Nf6 2. c4 e6 3. Nf3 b6 4. Nc3 Bb4 5. Bg5 h6 6. Bh4 Bb7 7. Nd2 c5 8. d5
Bxc3 9. bxc3 exd5 10. cxd5 g5 11. Bg3 Bxd5 12. h4 g4 13. Bd6 Ne4 14. Nxe4 Bxe4
15. f3 Bb7 16. fxg4 Qf6 17. Rh3 Qe6 18. Qd2 Qxg4 19. Bxb8 Rxb8 20. Qd6 1-0

[Event "FRA T I 120102011"]
[Site "FRA"]
[Date "2010.10.17"]
[Round "1.2"]
[White "Navrotescu, Catalin"]
[Black "Monroy, Charles"]
[Result "0-1"]
[WhiteElo "2439"]
[BlackElo "2431"]
[PlyCount "40"]
[EventDate "2010.10.17"]
[EventType "team-match"]
[EventRounds "9"]
[EventCountry "FRA"]
[Source "FFE"]
[SourceDate "2010.10.29"]
[WhiteTeamCountry "FRA"]
[BlackTeamCountry "FRA"]

1. d4 d6 2. g3 e5 3. dxe5 dxe5 4. Qxd8+ Kxd8 5. Nc3 c6 6. f4 Nd7 7. Nf3 f6 8.
Bh3 exf4 9. Bxf4 Nc5 10. O-O-O+ Ke8 11. Bg2 Ne7 12. e4 Ng6 13. e5 Nxf4 14. gxf4
Bg4 15. Rhe1 f5 16. e6 a5 17. Rd2 Bxf3 18. Bxf3 Rd8 19. Rg2 g6 20. h4 Bh6 0-1

[Event "FRA T I 120102011"]
[Site "FRA"]
[Date "2010.10.17"]
[Round "1.1"]
[White "Buhmann, Rainer"]
[Black "Cekro, Ekrem"]
[Result "1-0"]
[WhiteElo "2563"]
[BlackElo "2381"]
[PlyCount "53"]
[EventDate "2010.10.17"]
[EventType "team-match"]
[EventRounds "9"]
[EventCountry "FRA"]
[Source "FFE"]
[SourceDate "2010.10.29"]
[WhiteTeamCountry "FRA"]
[BlackTeamCountry "FRA"]

1. Nf3 d5 2. d4 Nf6 3. c4 c6 4. e3 Nbd7 5. Nbd2 e6 6. Bd3 Bb4 7. O-O O-O 8. Qc2
h6 9. Rd1 Qe7 10. e4 dxe4 11. Nxe4 Nxe4 12. Bxe4 e5 13. a3 Bd6 14. Re1 Qf6 15.
c5 Bc7 16. Be3 Qe7 17. Bh7+ Kh8 18. Bf5 Re8 19. Bf4 Qf6 20. Bg3 Nf8 21. Bd3 e4
22. Bxe4 Bxg3 23. hxg3 Be6 24. b4 a6 25. a4 Nd7 26. Ra3 Bg4 27. Rae3 {suite
illisible} 1-0

[Event "FRA T I 120102011"]
[Site "FRA"]
[Date "2010.10.17"]
[Round "1.2"]
[White "Hautot, Stephane"]
[Black "Schlosser, Philipp"]
[Result "1-0"]
[WhiteElo "2409"]
[BlackElo "2574"]
[PlyCount "85"]
[EventDate "2010.10.17"]
[EventType "team-match"]
[EventRounds "9"]
[EventCountry "FRA"]
[Source "FFE"]
[SourceDate "2010.10.29"]
[WhiteTeamCountry "FRA"]
[BlackTeamCountry "FRA"]

1. e4 d6 2. d4 Nf6 3. Nc3 g6 4. Be3 c6 5. f3 b5 6. g4 Bg7 7. Qd2 h5 8. g5 Nfd7
9. f4 Nb6 10. Nf3 a5 11. Bd3 N8d7 12. Nh4 b4 13. Ne2 Na4 14. Rb1 Ndb6 15. b3
Nc3 16. Nxc3 bxc3 17. Qxc3 c5 18. Qd2 O-O 19. c3 c4 20. bxc4 Qc7 21. c5 dxc5
22. O-O Bh3 23. Rf2 Rab8 24. Rc1 cxd4 25. cxd4 Qd7 26. d5 Na4 27. Bf1 Rb4 28.
e5 Bxe5 29. fxe5 Rxh4 30. e6 Bxe6 31. dxe6 Qxe6 32. Rf4 Rxf4 33. Bxf4 Nb6 34.
Bg2 Nc4 35. Qd4 Nd6 36. Qd5 Qg4 37. Bxd6 exd6 38. Qxa5 Re8 39. Rf1 h4 40. Qd5
Re7 41. h3 Qh5 42. Kh1 Kg7 43. Qf3 1-0

[Event "FRA T I 120102011"]
[Site "FRA"]
[Date "2010.10.17"]
[Round "1.3"]
[White "Chabanon, Jean Luc"]
[Black "Hisler, Thomas"]
[Result "1-0"]
[WhiteElo "2457"]
[BlackElo "2258"]
[PlyCount "65"]
[EventDate "2010.10.17"]
[EventType "team-match"]
[EventRounds "9"]
[EventCountry "FRA"]
[Source "FFE"]
[SourceDate "2010.10.29"]
[WhiteTeamCountry "FRA"]
[BlackTeamCountry "FRA"]

1. d4 f5 2. g3 e6 3. Bg2 Nf6 4. c4 Bb4+ 5. Bd2 Be7 6. Nc3 O-O 7. Nf3 d6 8. O-O
Ne4 9. Rc1 Bf6 10. b4 Qe8 11. Be1 c6 12. Nxe4 fxe4 13. Nd2 d5 14. Nb3 Nd7 15.
a4 Nb6 16. Na5 e5 17. dxe5 Qxe5 18. Bc3 Qh5 19. Bxf6 Rxf6 20. cxd5 cxd5 21. Qd4
Bh3 22. Bxh3 Qxh3 23. Rc7 Qe6 24. Nxb7 Nxa4 25. Ra1 Nb6 26. Nc5 Qd6 27. Raxa7
Rxa7 28. Rxa7 h5 29. Ra6 h4 30. Rxb6 Qxb6 31. Qxd5+ Rf7 32. Qa8+ Rf8 33. Qxf8+
1-0

[Event "FRA T I 120102011"]
[Site "FRA"]
[Date "2010.10.17"]
[Round "1.4"]
[White "Goossens, Etienne"]
[Black "Galdunts, Sergey"]
[Result "0-1"]
[WhiteElo "2231"]
[BlackElo "2453"]
[PlyCount "59"]
[EventDate "2010.10.17"]
[EventType "team-match"]
[EventRounds "9"]
[EventCountry "FRA"]
[Source "FFE"]
[SourceDate "2010.10.29"]
[WhiteTeamCountry "FRA"]
[BlackTeamCountry "FRA"]

1. e4 g6 2. d4 Bg7 3. Nc3 d6 4. Nf3 c6 5. Be3 Nd7 6. Qd2 b5 7. Bd3 Qc7 8. O-O
Ngf6 9. Bh6 O-O 10. Bxg7 Kxg7 11. a4 b4 12. Ne2 c5 13. c3 c4 14. e5 dxe5 15.
dxe5 Ng4 16. Be4 Ndxe5 17. Ng3 Rd8 18. Qf4 Rb8 19. Nd4 bxc3 20. bxc3 Qc5 21.
Rae1 Rb2 22. Qc1 Rb8 23. h3 Nf6 24. f4 Nd3 25. Bxd3 cxd3 26. Re5 Rd5 27. Rfe1
e6 28. Kh2 Qc4 29. Rg5 Qa2 30. Qe3 {suite illisible} 0-1

[Event "FRA T I 120102011"]
[Site "FRA"]
[Date "2010.10.17"]
[Round "1.5"]
[White "Netzer, Jean"]
[Black "Pucher, Sebastien"]
[Result "1-0"]
[WhiteElo "2399"]
[BlackElo "2240"]
[PlyCount "57"]
[EventDate "2010.10.17"]
[EventType "team-match"]
[EventRounds "9"]
[EventCountry "FRA"]
[Source "FFE"]
[SourceDate "2010.10.29"]
[WhiteTeamCountry "FRA"]
[BlackTeamCountry "FRA"]

1. e4 c5 2. Nf3 d6 3. d4 cxd4 4. Nxd4 Nf6 5. Nc3 a6 6. Be2 e5 7. Nb3 Be7 8. Bg5
Be6 9. Bxf6 Bxf6 10. Qd3 Bg5 11. Rd1 Nc6 12. Nd5 O-O 13. c3 Ne7 14. h4 Bxh4 15.
Rxh4 Nxd5 16. exd5 Qxh4 17. dxe6 fxe6 18. Qg3 Qa4 19. Rxd6 Qxa2 20. Nc5 Qxb2
21. Nxe6 Rf7 22. Qd3 Re8 23. Nd8 Rc7 24. Qd5+ Kh8 25. Nf7+ Kg8 26. Ng5+ Kh8 27.
Rd8 Qb1+ 28. Bd1 Qg6 29. Nf7+ 1-0

[Event "FRA T I 120102011"]
[Site "FRA"]
[Date "2010.10.17"]
[Round "1.6"]
[White "Colson, Arnaud"]
[Black "Mensch, Etienne"]
[Result "1/2-1/2"]
[WhiteElo "2131"]
[BlackElo "2352"]
[PlyCount "71"]
[EventDate "2010.10.17"]
[EventType "team-match"]
[EventRounds "9"]
[EventCountry "FRA"]
[Source "FFE"]
[SourceDate "2010.10.29"]
[WhiteTeamCountry "FRA"]
[BlackTeamCountry "FRA"]

1. c4 Nf6 2. g3 g6 3. Bg2 Bg7 4. Nc3 O-O 5. d3 c5 6. e4 Nc6 7. Nge2 d6 8. O-O
Rb8 9. h3 a6 10. a4 Bd7 11. Be3 Qc8 12. Kh2 Nd4 13. Bg5 e6 14. Nxd4 cxd4 15.
Ne2 b5 16. cxb5 axb5 17. a5 Qc5 18. Qd2 b4 19. Rfc1 Qa7 20. Qf4 e5 21. Qf3 Ne8
22. Be7 Bg4 23. Qxg4 Qxe7 24. a6 Nf6 25. Qg5 Qa7 26. Rc6 Rb6 27. Qc1 Rxc6 28.
Qxc6 Nd7 29. Qxd6 Nc5 30. Rc1 Nxa6 31. Ra1 Ra8 32. f4 f6 33. Bf3 Kh8 34. Bg4
Qb7 35. fxe5 fxe5 36. Be6 1/2-1/2

[Event "FRA T I 120102011"]
[Site "FRA"]
[Date "2010.10.17"]
[Round "1.7"]
[White "Maisuradze, Nino"]
[Black "Hartmann, Dominique"]
[Result "1-0"]
[WhiteElo "2273"]
[BlackElo "2017"]
[PlyCount "77"]
[EventDate "2010.10.17"]
[EventType "team-match"]
[EventRounds "9"]
[EventCountry "FRA"]
[Source "FFE"]
[SourceDate "2010.10.29"]
[WhiteTeamCountry "FRA"]
[BlackTeamCountry "FRA"]

1. d4 Nf6 2. c4 c5 3. d5 b5 4. cxb5 a6 5. bxa6 g6 6. Nc3 Bxa6 7. d6 Bg7 8. Nf3
Nc6 9. g3 O-O 10. Bg2 Rb8 11. O-O Re8 12. Re1 exd6 13. Qxd6 Bf8 14. Qd1 d5 15.
Nh4 Ne7 16. Na4 Qc8 17. Bf4 Rb4 18. Rc1 Rd4 19. Bd2 Ne4 20. Nf3 Rc4 21. Rxc4
Bxc4 22. b3 Nxd2 23. Nxd2 Ba6 24. e4 dxe4 25. Nxe4 Rd8 26. Qc1 c4 27. Nb6 Qc7
28. Nxc4 Nf5 29. Nf6+ Kh8 30. Nd5 Qc5 31. Nce3 Qxc1 32. Rxc1 Nd4 33. Rc7 Kg7
34. Ra7 Bd3 35. Nf4 Ne2+ 36. Nxe2 Bxe2 37. Bd5 Kf6 38. Rxf7+ Ke5 39. Bc4 1-0

[Event "FRA T I 120102011"]
[Site "FRA"]
[Date "2010.10.17"]
[Round "1.8"]
[White "Monpeurt, Cyrielle"]
[Black "Bellahcene, Bilel"]
[Result "0-1"]
[WhiteElo "1950"]
[BlackElo "2152"]
[PlyCount "80"]
[EventDate "2010.10.17"]
[EventType "team-match"]
[EventRounds "9"]
[EventCountry "FRA"]
[Source "FFE"]
[SourceDate "2010.10.29"]
[WhiteTeamCountry "FRA"]
[BlackTeamCountry "FRA"]

1. e4 c5 2. Nf3 d6 3. d4 cxd4 4. Nxd4 Nf6 5. Nc3 g6 6. Be3 Bg7 7. f3 a6 8. Qd2
Nbd7 9. Bc4 b5 10. Bb3 Ne5 11. O-O O-O 12. Rad1 Bb7 13. Bh6 Bxh6 14. Qxh6 Rc8
15. Nce2 Qb6 16. Kh1 Nc4 17. Ng3 Rc5 18. Rfe1 Bc8 19. Bxc4 bxc4 20. b3 Bd7 21.
h3 Rfc8 22. f4 cxb3 23. axb3 Rc3 24. Nge2 Re3 25. f5 Rxe4 26. fxg6 hxg6 27. c3
Rc5 28. Nf4 Rxe1+ 29. Rxe1 Re5 30. Rf1 Bf5 31. Nxf5 Rxf5 32. g4 Re5 33. Nxg6
Qc6+ 34. Kg1 fxg6 35. Qxg6+ Kf8 36. g5 Qc5+ 37. Kh1 Qd5+ 38. Kh2 Re2+ 39. Kg3
Qe5+ 40. Kf3 Qe3# 0-1

[Event "FRA T I 120102011"]
[Site "FRA"]
[Date "2010.10.17"]
[Round "1.1"]
[White "Todorov, Todor"]
[Black "Salgado Allaria, Carlos"]
[Result "1-0"]
[WhiteElo "2487"]
[BlackElo "2323"]
[PlyCount "119"]
[EventDate "2010.10.17"]
[EventType "team-match"]
[EventRounds "9"]
[EventCountry "FRA"]
[Source "FFE"]
[SourceDate "2010.10.29"]
[WhiteTeamCountry "FRA"]
[BlackTeamCountry "FRA"]

1. e4 e5 2. Nf3 Nf6 3. Nc3 Nc6 4. d4 exd4 5. Nxd4 Bb4 6. Nxc6 bxc6 7. Bd3 d5 8.
exd5 cxd5 9. O-O O-O 10. Bg5 c6 11. Ne2 Bd6 12. Qd2 Re8 13. Rfe1 h6 14. Bf4 c5
15. c3 Rb8 16. b3 Qc7 17. Bxd6 Qxd6 18. Ng3 Bd7 19. h3 Kf8 20. Rxe8+ Rxe8 21.
Rd1 Qc7 22. Be2 a5 23. Bf3 Be6 24. Ne2 Rd8 25. Nf4 d4 26. Nxe6+ fxe6 27. Re1
Kf7 28. cxd4 cxd4 29. Rc1 Qe5 30. Qd3 Rd7 31. g3 Qb8 32. Kg2 Rd6 33. Rc5 Qb6
34. Rb5 Qd8 35. Rb7+ Kg8 36. Ra7 Qb6 37. Rb7 Qd8 38. Qb5 Kh7 39. Rb8 Qe7 40.
Rb7 Qd8 41. Qd3+ Kg8 42. a4 Qe8 43. Ra7 e5 44. Rxa5 e4 45. Qc4+ Kh7 46. Bd1 d3
47. Qc7 Qe6 48. Ra7 Rd7 49. Qc5 Rxa7 50. Qxa7 Qe5 51. Qe3 Nd5 52. Qd2 Qd4 53.
Bg4 Kg6 54. a5 h5 55. Bd1 Qc3 56. Qxc3 Nxc3 57. a6 Nb5 58. h4 d2 59. Kf1 Kf5
60. Ke2 1-0

[Event "FRA T I 120102011"]
[Site "FRA"]
[Date "2010.10.17"]
[Round "1.2"]
[White "Tournier, Mathieu"]
[Black "Legky, Nikolay A"]
[Result "0-1"]
[WhiteElo "2244"]
[BlackElo "2429"]
[PlyCount "128"]
[EventDate "2010.10.17"]
[EventType "team-match"]
[EventRounds "9"]
[EventCountry "FRA"]
[Source "FFE"]
[SourceDate "2010.10.29"]
[WhiteTeamCountry "FRA"]
[BlackTeamCountry "FRA"]

1. e4 c5 2. c3 e6 3. d4 d5 4. exd5 exd5 5. Nf3 Nc6 6. Be3 cxd4 7. Nxd4 Nf6 8.
Be2 Bd6 9. Nd2 O-O 10. N2f3 h6 11. h3 a6 12. O-O Bc7 13. c4 Ne7 14. Nb3 Nf5 15.
Bc5 Re8 16. cxd5 b6 17. Ba3 Nxd5 18. Bc4 Bb7 19. Qd3 g6 20. Rad1 Nde7 21. Qc3
Qc8 22. Rc1 Bxf3 23. Qxf3 b5 24. Bd3 Qb8 25. Nc5 Rd8 26. Be4 Ra7 27. Nd3 Bb6
28. Rfe1 Rc7 29. b3 Rxc1 30. Bxc1 Qd6 31. Bf4 Qd4 32. Be5 Qd7 33. g4 f6 34.
gxf5 fxe5 35. f6 Rf8 36. Nxe5 Qe6 37. f7+ Kg7 38. Qg3 Bc7 39. Bg2 Rxf7 40. Qc3
Qf6 41. f4 Nf5 42. Kh1 Re7 43. Qa1 Ng3+ 44. Kh2 Nh5 45. Nd3 Qxa1 46. Rxa1 Bxf4+
47. Nxf4 Nxf4 48. Bf1 Re3 49. Rb1 b4 50. Bxa6 Rxh3+ 51. Kg1 Kf6 52. Bc4 Ke5 53.
Ra1 g5 54. a4 bxa3 55. Rxa3 g4 56. Ra8 Rc3 57. Re8+ Kf6 58. Rf8+ Kg5 59. Kf2
g3+ 60. Kg1 Rc1+ 61. Bf1 Kg4 62. Rg8+ Kf3 63. Rf8 h5 64. b4 h4 0-1

[Event "FRA T I 120102011"]
[Site "FRA"]
[Date "2010.10.17"]
[Round "1.4"]
[White "Gosset, Arnaud"]
[Black "Bijaoui, Manuel"]
[Result "1/2-1/2"]
[WhiteElo "2204"]
[BlackElo "2401"]
[PlyCount "123"]
[EventDate "2010.10.17"]
[EventType "team-match"]
[EventRounds "9"]
[EventCountry "FRA"]
[Source "FFE"]
[SourceDate "2010.10.29"]
[WhiteTeamCountry "FRA"]
[BlackTeamCountry "FRA"]

1. Nf3 Nf6 2. c4 g6 3. Nc3 Bg7 4. e4 d6 5. d4 O-O 6. Be2 e5 7. O-O exd4 8. Nxd4
Re8 9. f3 Nc6 10. Be3 Nh5 11. Qd2 Nxd4 12. Bxd4 Nf4 13. Rfd1 Bxd4+ 14. Qxd4
Nxe2+ 15. Nxe2 b6 16. Nc3 Bb7 17. Nd5 Re5 18. Qd2 Bxd5 19. cxd5 Qd7 20. Rac1
Rae8 21. g4 h5 22. gxh5 Rxh5 23. Kh1 Re7 24. Rg1 Kh7 25. Rg3 f5 26. Qg2 Qe8 27.
Rh3 fxe4 28. Rxh5+ gxh5 29. fxe4 Qg6 30. Rc3 Kh6 31. Re3 Qg5 32. Rc3 Qg4 33. h3
Qxg2+ 34. Kxg2 Kg5 35. Kg3 Rxe4 36. Rxc7 Re3+ 37. Kf2 Rxh3 38. Rxa7 Kf4 39. Re7
Rh2+ 40. Kg1 Rxb2 41. Re6 Rxa2 42. Rxd6 Rb2 43. Rg6 b5 44. Rb6 Ke5 45. d6 Ke6
46. Kh1 h4 47. Kg1 h3 48. Kh1 b4 49. Kg1 b3 50. Kh1 Kd7 51. Kg1 Rb1+ 52. Kh2 b2
53. Rb8 Kxd6 54. Rb7 Kc6 55. Rb8 Kd6 56. Rb7 Kc5 57. Rb8 Kd4 58. Rd8+ Ke5 59.
Re8+ Kd6 60. Rb8 Kc7 61. Rb3 Kc6 62. Rb8 1/2-1/2

[Event "FRA T I 120102011"]
[Site "FRA"]
[Date "2010.10.17"]
[Round "1.5"]
[White "Karr, Jean Philippe"]
[Black "Hardier, Bertrand"]
[Result "1-0"]
[WhiteElo "2387"]
[BlackElo "2158"]
[PlyCount "93"]
[EventDate "2010.10.17"]
[EventType "team-match"]
[EventRounds "9"]
[EventCountry "FRA"]
[Source "FFE"]
[SourceDate "2010.10.29"]
[WhiteTeamCountry "FRA"]
[BlackTeamCountry "FRA"]

1. d4 d5 2. c4 e6 3. Nf3 Nf6 4. Nc3 c6 5. e3 Bd6 6. Qc2 Nbd7 7. Bd3 O-O 8. O-O
Re8 9. Rd1 h6 10. b3 Qe7 11. e4 dxe4 12. Nxe4 Nxe4 13. Bxe4 Nf6 14. c5 Bc7 15.
Bb2 Bd7 16. b4 Nd5 17. Qb3 Qf6 18. g3 a6 19. a3 Rad8 20. Re1 Bc8 21. Rad1 Kf8
22. Kg2 Rd7 23. a4 Qd8 24. b5 axb5 25. axb5 cxb5 26. Qxb5 Ne7 27. Re2 f5 28.
Bxb7 Bxb7 29. Qxb7 Nd5 30. Qb3 Qf6 31. c6 Rf7 32. Ba3+ Kg8 33. Ne5 Bxe5 34.
dxe5 Qd8 35. Bd6 f4 36. Kg1 Qa8 37. Rc1 Rc8 38. Ra2 Ra7 39. Rxa7 Qxa7 40. Qc4
f3 41. c7 Qb7 42. Qe4 Qb2 43. Rb1 Qe2 44. Qg6 Nxc7 45. Bxc7 Qc4 46. Ba5 Qc1+
47. Be1 1-0

[Event "FRA T I 120102011"]
[Site "FRA"]
[Date "2010.10.17"]
[Round "1.6"]
[White "Becuwe, Olivier"]
[Black "Laurent, Julien G"]
[Result "0-1"]
[WhiteElo "2098"]
[BlackElo "2278"]
[PlyCount "80"]
[EventDate "2010.10.17"]
[EventType "team-match"]
[EventRounds "9"]
[EventCountry "FRA"]
[Source "FFE"]
[SourceDate "2010.10.29"]
[WhiteTeamCountry "FRA"]
[BlackTeamCountry "FRA"]

1. e4 c5 2. Nf3 d6 3. c3 Nf6 4. Be2 Nbd7 5. Qc2 Qc7 6. O-O g6 7. a4 Bg7 8. Na3
b6 9. Nb5 Qb7 10. d3 a6 11. Na3 O-O 12. Re1 Re8 13. Bf1 e5 14. Nc4 Qc7 15. d4
cxd4 16. cxd4 Bb7 17. dxe5 dxe5 18. Bg5 b5 19. Bxf6 Nxf6 20. axb5 axb5 21. Ne3
Qxc2 22. Nxc2 Bxe4 23. Bxb5 Rxa1 24. Nxa1 Rb8 25. Bc4 Bxf3 26. gxf3 Rxb2 27.
Nb3 Nh5 28. Nc1 Rc2 29. Bf1 Bf8 30. Nd3 f6 31. Re2 Rc3 32. Re1 Ng7 33. Rc1 Ra3
34. Kg2 Ne6 35. Kg3 h5 36. Re1 Bd6 37. Bh3 Ng5 38. Re3 e4+ 39. Nf4 Bxf4+ 40.
Kxf4 Nxh3+ 0-1

[Event "FRA T I 120102011"]
[Site "FRA"]
[Date "2010.10.17"]
[Round "1.7"]
[White "Giffard, Nicolas"]
[Black "Silvert, Alexandre"]
[Result "1-0"]
[WhiteElo "2302"]
[BlackElo "1976"]
[PlyCount "73"]
[EventDate "2010.10.17"]
[EventType "team-match"]
[EventRounds "9"]
[EventCountry "FRA"]
[Source "FFE"]
[SourceDate "2010.10.29"]
[WhiteTeamCountry "FRA"]
[BlackTeamCountry "FRA"]

1. Nf3 e6 2. d4 d5 3. c4 Nf6 4. Nc3 Be7 5. Qc2 Nbd7 6. Bg5 O-O 7. e3 Re8 8. a3
Nf8 9. Bh4 b6 10. Ne5 Bb7 11. cxd5 Nxd5 12. Bg3 a6 13. Rd1 Qc8 14. Ne4 f5 15.
Nd2 c5 16. dxc5 Bxc5 17. Qb3 Ng6 18. Nxg6 hxg6 19. Nf3 Be7 20. Be2 g5 21. O-O
Qd8 22. Be5 Bf6 23. Bd4 Kh7 24. Ne5 Qe7 25. Nc4 Bxd4 26. Rxd4 Rab8 27. Rfd1 Rh8
28. h3 Kg8 29. Nxb6 Kf7 30. Nc4 g4 31. Ne5+ Kf6 32. Rxd5 Bxd5 33. Qc3 Kg5 34.
hxg4 fxg4 35. Qd4 Rh4 36. Qf4+ Kh5 37. Bxg4+ 1-0

[Event "FRA T I 120102011"]
[Site "FRA"]
[Date "2010.10.17"]
[Round "1.8"]
[White "Tissot, Alice"]
[Black "Barakoff, Catherine"]
[Result "1-0"]
[WhiteElo "1956"]
[BlackElo "1771"]
[PlyCount "99"]
[EventDate "2010.10.17"]
[EventType "team-match"]
[EventRounds "9"]
[EventCountry "FRA"]
[Source "FFE"]
[SourceDate "2010.10.29"]
[WhiteTeamCountry "FRA"]
[BlackTeamCountry "FRA"]

1. e4 e5 2. Nf3 Nc6 3. Bb5 a6 4. Bxc6 bxc6 5. O-O d6 6. d4 exd4 7. Qxd4 c5 8.
Qc3 h6 9. e5 Ne7 10. Re1 Be6 11. Bf4 Nd5 12. Qd2 Be7 13. Bg3 O-O 14. c4 Nb6 15.
b3 d5 16. cxd5 Nxd5 17. Nc3 c6 18. Ne4 Ra7 19. Rac1 Qb6 20. Bh4 Rd7 21. Bxe7
Nxe7 22. Qe3 Rfd8 23. Qxc5 Qc7 24. Qc2 Bf5 25. Qe2 Ng6 26. Nc5 Nf4 27. Qc4 Nd3
28. Nxd3 Bxd3 29. Qxc6 Qa5 30. e6 Bb5 31. Qc5 Rd5 32. exf7+ Kxf7 33. Qe7+ Kg8
34. Qe6+ Kh8 35. Ne5 Be8 36. Nc4 Qb5 37. h3 Bh5 38. Re5 Rd1+ 39. Rxd1 Rxd1+ 40.
Re1 Rxe1+ 41. Qxe1 Qg5 42. Qe5 Qg6 43. Kh2 Bd1 44. Qd6 Qc2 45. Ne3 Qxf2 46.
Nxd1 Qxa2 47. b4 Qa4 48. Nc3 Qa3 49. Nd5 a5 50. Qd8+ 1-0

[Event "FRA T I 120102011"]
[Site "FRA"]
[Date "2010.10.17"]
[Round "1.2"]
[White "Bauduin, Etienne"]
[Black "Simon, Olivier"]
[Result "1/2-1/2"]
[WhiteElo "2247"]
[BlackElo "2344"]
[PlyCount "60"]
[EventDate "2010.10.17"]
[EventType "team-match"]
[EventRounds "9"]
[EventCountry "FRA"]
[Source "FFE"]
[SourceDate "2010.10.29"]
[WhiteTeamCountry "FRA"]
[BlackTeamCountry "FRA"]

1. c4 Nf6 2. g3 g6 3. Bg2 d6 4. Nc3 Bg7 5. e4 c5 6. Nge2 Nc6 7. O-O O-O 8. d3
Ne8 9. Be3 Nd4 10. Rb1 a5 11. Qd2 Nc7 12. Bh6 e5 13. Bxg7 Kxg7 14. f4 f6 15.
Rf2 Bd7 16. Nxd4 cxd4 17. Nd5 Nxd5 18. exd5 Bf5 19. b3 Qd7 20. fxe5 fxe5 21.
Rbf1 b5 22. Rc1 Rfc8 23. Qe2 bxc4 24. bxc4 Qe8 25. Rcf1 Qe7 26. Be4 Bxe4 27.
Qxe4 Rf8 28. Rxf8 Rxf8 29. Rxf8 Kxf8 30. Qe1 Qg5 1/2-1/2

[Event "FRA T I 120102011"]
[Site "FRA"]
[Date "2010.10.17"]
[Round "1.3"]
[White "Gulbas, Cemil"]
[Black "Laurent, Bruno"]
[Result "1/2-1/2"]
[WhiteElo "2399"]
[BlackElo "2336"]
[PlyCount "38"]
[EventDate "2010.10.17"]
[EventType "team-match"]
[EventRounds "9"]
[EventCountry "FRA"]
[Source "FFE"]
[SourceDate "2010.10.29"]
[WhiteTeamCountry "FRA"]
[BlackTeamCountry "FRA"]

1. e4 e6 2. d4 d5 3. Nc3 Nf6 4. Bg5 dxe4 5. Nxe4 Nbd7 6. Nf3 h6 7. Bxf6 Nxf6 8.
Bd3 Bd7 9. Ne5 Bd6 10. Qf3 Bxe5 11. dxe5 Nxe4 12. Bxe4 Qg5 13. O-O Qxe5 14.
Rad1 Rd8 15. Bxb7 O-O 16. b3 Qb2 17. c4 Qxa2 18. Ra1 Qb2 19. Rxa7 Rb8 1/2-1/2

[Event "FRA T I 120102011"]
[Site "FRA"]
[Date "2010.10.17"]
[Round "1.4"]
[White "Stawiarski, Edmond"]
[Black "Houriez, Clement"]
[Result "0-1"]
[WhiteElo "2151"]
[BlackElo "2256"]
[PlyCount "62"]
[EventDate "2010.10.17"]
[EventType "team-match"]
[EventRounds "9"]
[EventCountry "FRA"]
[Source "FFE"]
[SourceDate "2010.10.29"]
[WhiteTeamCountry "FRA"]
[BlackTeamCountry "FRA"]

1. d4 g6 2. Nf3 Bg7 3. Bf4 d6 4. e3 Nd7 5. c4 e5 6. Bg3 Ne7 7. Nc3 Nf5 8. dxe5
dxe5 9. e4 Nxg3 10. hxg3 O-O 11. Be2 Re8 12. Qd2 c6 13. Ng1 h6 14. Nf3 Nc5 15.
Qe3 Ne6 16. Rxh6 Bxh6 17. Qxh6 Qf6 18. O-O-O Nf8 19. Rh1 Bg4 20. Ng5 Bxe2 21.
Nxe2 Qg7 22. Qh4 f6 23. Nh3 g5 24. Qg4 Qd7 25. Qh5 Qf7 26. Qg4 Qxc4+ 27. Kb1
Qe6 28. Qh5 Qf7 29. Qf3 Rad8 30. g4 Rd2 31. Ng3 Qc4 0-1

[Event "FRA T I 120102011"]
[Site "FRA"]
[Date "2010.10.17"]
[Round "1.5"]
[White "Favreau, Francois"]
[Black "Andrieux, Pascal"]
[Result "0-1"]
[WhiteElo "2130"]
[BlackElo "2253"]
[PlyCount "74"]
[EventDate "2010.10.17"]
[EventType "team-match"]
[EventRounds "9"]
[EventCountry "FRA"]
[Source "FFE"]
[SourceDate "2010.10.29"]
[WhiteTeamCountry "FRA"]
[BlackTeamCountry "FRA"]

1. Nf3 Nf6 2. g3 e6 3. Bg2 Be7 4. O-O O-O 5. d3 c5 6. e4 d6 7. Ne1 Nc6 8. f4 d5
9. e5 Nd7 10. c3 f6 11. Bh3 f5 12. g4 g6 13. gxf5 gxf5 14. Rf3 Kh8 15. Bg2 Rg8
16. Rh3 Qe8 17. Kh1 b5 18. a4 bxa4 19. Qxa4 Nb6 20. Qd1 Bb7 21. d4 Rc8 22. dxc5
Bxc5 23. b4 Bf8 24. b5 Nd8 25. Nf3 d4 26. Rxa7 Rg7 27. cxd4 Qxb5 28. Be3 Qb2
29. Nbd2 Rc1 30. Qxc1 Qxc1+ 31. Nf1 Qd1 32. Ra2 Nd5 33. Rd2 Qb3 34. Ng5 Nxe3
35. Nxe3 Qb1+ 36. Rd1 Bxg2+ 37. Kxg2 Qe4+ 0-1

[Event "FRA T I 120102011"]
[Site "FRA"]
[Date "2010.10.17"]
[Round "1.7"]
[White "Dal Borgo, Albin"]
[Black "Manet, Eric"]
[Result "1/2-1/2"]
[WhiteElo "2199"]
[BlackElo "1982"]
[PlyCount "153"]
[EventDate "2010.10.17"]
[EventType "team-match"]
[EventRounds "9"]
[EventCountry "FRA"]
[Source "FFE"]
[SourceDate "2010.10.29"]
[WhiteTeamCountry "FRA"]
[BlackTeamCountry "FRA"]

1. d4 Nf6 2. Bg5 e6 3. e4 Be7 4. Bd3 c5 5. c3 cxd4 6. cxd4 Qb6 7. Nf3 Nc6 8.
O-O Nxd4 9. Nbd2 Nxf3+ 10. Nxf3 h6 11. Bh4 O-O 12. e5 Nd5 13. Bxe7 Nxe7 14. Qe2
d5 15. exd6 Qxd6 16. Rfd1 Qf4 17. Rac1 Nd5 18. Ne5 Qg5 19. Qe4 Nf6 20. Qd4 Nd5
21. g3 Qe7 22. Be4 Nf6 23. Bf3 Nd5 24. Bxd5 exd5 25. Qxd5 Be6 26. Qa5 b6 27.
Qa6 Bh3 28. Re1 Qd6 29. Qb7 Be6 30. a3 Qd4 31. b4 Qb2 32. Qf3 Rac8 33. Rxc8
Rxc8 34. Nc6 Rc7 35. Nd8 Rc1 36. Rxc1 Qxc1+ 37. Kg2 Bc4 38. h4 Qf1+ 39. Kh2 Qd3
40. Qxd3 Bxd3 41. Nc6 a6 42. Ne7+ Kf8 43. Nd5 b5 44. f3 Bf5 45. Kg2 Be6 46. Nc3
Ke7 47. Kf2 Kd6 48. Ke3 Bd5 49. f4 g6 50. Nd1 Bc4 51. Kd4 Be2 52. Ne3 Bf3 53.
Nf1 Bg2 54. Nd2 Bd5 55. Nb1 Bf3 56. Nc3 Bg2 57. a4 bxa4 58. Nxa4 Bf1 59. Nc5
Be2 60. Ne4+ Ke6 61. Nc3 Bf1 62. Nd1 Kd6 63. Ne3 Be2 64. g4 h5 65. g5 Bb5 66.
f5 Be2 67. fxg6 fxg6 68. Nd5 Bg4 69. Ne3 Be6 70. Ng2 Bh3 71. Nf4 Bf5 72. Nd5
Be6 73. Nc3 Bf5 74. Na4 Bh3 75. Nc5 Bf1 76. Ne4+ Ke6 77. Ng3 1/2-1/2

[Event "FRA T I 120102011"]
[Site "FRA"]
[Date "2010.10.17"]
[Round "1.8"]
[White "Belloc, Sidonie"]
[Black "Durczak, Melanie"]
[Result "1/2-1/2"]
[WhiteElo "1834"]
[BlackElo "1715"]
[PlyCount "50"]
[EventDate "2010.10.17"]
[EventType "team-match"]
[EventRounds "9"]
[EventCountry "FRA"]
[Source "FFE"]
[SourceDate "2010.10.29"]
[WhiteTeamCountry "FRA"]
[BlackTeamCountry "FRA"]

1. e4 d5 2. exd5 Nf6 3. Nc3 Nxd5 4. Nxd5 Qxd5 5. d4 Nc6 6. c3 e5 7. Qe2 Bf5 8.
dxe5 Qxe5 9. Nf3 Qxe2+ 10. Bxe2 O-O-O 11. O-O Bc5 12. b4 Bd6 13. Be3 Rhe8 14.
Bb5 Bd7 15. a4 a6 16. Bd3 Ne5 17. Nxe5 Bxe5 18. b5 a5 19. Rac1 Be6 20. Be4 Bb3
21. Bf5+ Be6 22. Bxe6+ Rxe6 23. c4 Rd3 24. c5 Bd4 25. Bf4 Be5 1/2-1/2